Management accounting / (Record no. 203778)
[ view plain ]
| 000 -LEADER | |
|---|---|
| fixed length control field | 00649nam a2200217Ia 4500 |
| 005 - DATE AND TIME OF LATEST TRANSACTION | |
| control field | 20230208141448.0 |
| 008 - FIXED-LENGTH DATA ELEMENTS--GENERAL INFORMATION | |
| fixed length control field | 210716s2009 xx 000 0 und d |
| 020 ## - INTERNATIONAL STANDARD BOOK NUMBER | |
| International Standard Book Number | 9780195695250 |
| 040 ## - CATALOGING SOURCE | |
| Transcribing agency | AIMIT LIBRARY |
| 041 ## - LANGUAGE CODE | |
| Language code of text/sound track or separate title | eng |
| 082 ## - DEWEY DECIMAL CLASSIFICATION NUMBER | |
| Classification number | 658.1511 |
| Edition number | 1 |
| Item number | AHAP |
| 100 ## - MAIN ENTRY--PERSONAL NAME | |
| Personal name | Shah, Paresh. |
| 9 (RLIN) | 71328 |
| 245 ## - TITLE STATEMENT | |
| Title | Management accounting / |
| Statement of responsibility, etc. | Paresh Shah. |
| 250 ## - EDITION STATEMENT | |
| Edition statement | 1st ed. |
| 260 ## - PUBLICATION, DISTRIBUTION, ETC. | |
| Place of publication, distribution, etc. | New Delhi : |
| Name of publisher, distributor, etc. | Oxford University Press , |
| Date of publication, distribution, etc. | 2009. |
| 300 ## - PHYSICAL DESCRIPTION | |
| Extent | xiv,793p. ; |
| Other physical details | PB |
| Dimensions | 23.5 cm |
| 650 ## - SUBJECT ADDED ENTRY--TOPICAL TERM | |
| Topical term or geographic name entry element | Elements of cost |
| 9 (RLIN) | 71329 |
| 650 ## - SUBJECT ADDED ENTRY--TOPICAL TERM | |
| Topical term or geographic name entry element | Determinations of cost |
| 9 (RLIN) | 71330 |
| 650 ## - SUBJECT ADDED ENTRY--TOPICAL TERM | |
| Topical term or geographic name entry element | Management applications |
| 9 (RLIN) | 71331 |
| 942 ## - ADDED ENTRY ELEMENTS (KOHA) | |
| Source of classification or shelving scheme | Dewey Decimal Classification |
| Koha item type | Book |
| Edition | 1st |
| Call number prefix | 658.1511 SHAP |
| Withdrawn status | Lost status | Source of classification or shelving scheme | Damaged status | Not for loan | Collection code | Home library | Current library | Date acquired | Cost, normal purchase price | Inventory number | Total Checkouts | Full call number | Barcode | Date last seen | Cost, replacement price | Price effective from | Koha item type |
|---|---|---|---|---|---|---|---|---|---|---|---|---|---|---|---|---|---|
| Dewey Decimal Classification | MBA | St Aloysius Institute of Management & Information Technology | St Aloysius Institute of Management & Information Technology | 09/16/2009 | 395.00 | Bill no:9847; Bill dt:2009-09-15 | 658.1511 SHAP | MBA06344 | 05/23/2026 | 296.25 | 07/16/2021 | Book | |||||
| Dewey Decimal Classification | MBA | St Aloysius Institute of Management & Information Technology | St Aloysius Institute of Management & Information Technology | 09/16/2009 | 395.00 | Bill no:9847; Bill dt:2009-09-15 | 658.1511 SHAP | MBA06371 | 05/23/2026 | 296.25 | 07/16/2021 | Book | |||||
| Dewey Decimal Classification | MBA | St Aloysius Institute of Management & Information Technology | St Aloysius Institute of Management & Information Technology | 12/15/2010 | 410.00 | Bill no:ABK 507; Bill dt:2010-09 | 658.1511 SHAP | MBA08592 | 05/23/2026 | 307.50 | 07/16/2021 | Book |